000 00701nam a2200253Ia 4500
005 20250425160736.0
008 250425s9999 xx 000 0 und d
020 _a9681829182
041 _aspa
082 _a621.3851
100 _aFREEMAN, ROGER L.
245 0 _aINGENIERIA DE SISTEMAS DE TELECOMUNICACIONES: DISEÑO DE REDES DIGITALES Y ANALOGICAS
250 _a1A ED.
260 _aMEXICO
260 _aMéxico
_bLIMUSA
_c1991
300 _a606
500 _aTítulo Traducido: TELECOMMUNICATION SYSTEM ENGINEERING
650 _aCOMUNICACIONES DIGITALES
650 _aREDES TELEFONICAS
650 _aTELECOMUNICACIONES
650 _aTELEFONIA
942 _c01
010 _a4090
999 _c195257
_d195257